000 00392nam a22001457a 4500
999 _c7696
_d7694
005 20210320141600.0
008 210320b ||||| |||| 00| 0 eng d
082 _a346.066
100 _aAIYAR, A.N.
_96466
245 _aCOMPANY CASES THE CORPORATE LAW WEEKLY [180]
260 _aCHENNAI
_bCOMPANY LAW INSTITUTE OF INDIA
_c2013
300 _a936, i-xxiv;p
650 _aLAW
_95701
942 _cJRL